[Event "Reykjavik Open 2015"]
[Site "Reykjavik ISL"]
[Date "2015.03.15"]
[Round "7.62"]
[White "Mehringer, Joerg"]
[Black "Schou-Moldt, Thomas"]
[Result "1-0"]
[WhiteElo "1955"]
[BlackElo "2211"]
[WhiteFideId "12915351"]
[BlackFideId "1401297"]
[EventDate "2015.03.10"]

1. e4 c5 2. g3 d5 3. exd5 Qxd5 4. Nf3 Bg4 5. Bg2 Qe6+ 6. Kf1 Nc6 7. h3 Bh5 8. d3
Qd7 9. g4 Bg6 10. Bf4 f6 11. Nc3 e5 12. Bg3 Nge7 13. Qd2 Nc8 14. Nh4 Bf7 15. Nf5
Nd6 16. Nxd6+ Bxd6 17. Ne4 Be7 18. Qe3 Nd4 19. Rc1 Bd5 20. c3 Ne6 21. c4 Bc6 22.
Nc3 Nc7 23. Bxc6 bxc6 24. Kg2 O-O-O 25. Rhd1 h5 26. g5 h4 27. Bh2 Ne6 28. f4 Rh5
29. Qf3 Rdh8 30. gxf6 gxf6 31. fxe5 fxe5 32. Ne4 Rf5 33. Qg4 Rhf8 34. Rc2 R8f7
35. Kh1 Rg7 36. Qxf5 1-0

[Event "Reykjavik Open 2015"]
[Site "Reykjavik ISL"]
[Date "2015.03.15"]
[Round "7.63"]
[White "Quillien, Emmanuel"]
[Black "Petersson, Baldur Teodor"]
[Result "1-0"]
[WhiteElo "2202"]
[BlackElo "1951"]
[WhiteFideId "616524"]
[BlackFideId "2309157"]
[EventDate "2015.03.10"]

1. c4 c6 2. g3 d5 3. Nf3 Nf6 4. Bg2 Bg4 5. Ne5 Bh5 6. cxd5 cxd5 7. Nc3 e6 8.
Qa4+ Nbd7 9. g4 Bg6 10. h4 Bc2 11. Nxf7 Bxa4 12. Nxd8 Rxd8 13. Nxa4 Ne5 14. g5
Nh5 15. d4 Bb4+ 16. Nc3 Ng6 17. e3 O-O 18. Bd2 Ne7 19. a3 Bxc3 20. Bxc3 g6 21.
Bb4 Rf7 22. Bxe7 Rxe7 23. Rc1 Ng7 24. Bh3 Ne8 25. f4 Nd6 26. Bf1 Rdd7 27. Bd3
Rc7 28. Kd2 Nf5 29. Bxf5 exf5 30. Rc5 Rcd7 31. h5 b6 32. Rc6 Rc7 33. Rd6 Rcd7
34. Rf6 Rf7 35. Re6 Rfe7 36. Re5 Kg7 37. h6+ Kf7 38. Rc1 Re6 39. Rc8 Ke7 40. a4
Kd6 41. b4 Ree7 42. a5 Rc7 43. Rb8 Rb7 44. Rxe7 Rxe7 45. axb6 a6 46. Rg8 Kc6 47.
Rg7 Rb7 48. Kc3 Kxb6 49. Kb3 Kc6 50. Ka4 Kb6 51. Rxb7+ Kxb7 52. Ka5 Ka7 53. b5
axb5 54. Kxb5 Kb7 55. Kc5 Kc7 56. Kxd5 Kd7 57. Ke5 Ke7 58. d5 Kd7 59. Kf6 1-0

[Event "Reykjavik Open 2015"]
[Site "Reykjavik ISL"]
[Date "2015.03.15"]
[Round "7.64"]
[White "Arnold, Max"]
[Black "Babijczuk, Pawel"]
[Result "1/2-1/2"]
[WhiteElo "2189"]
[BlackElo "1950"]
[WhiteFideId "24682810"]
[BlackFideId "1129120"]
[EventDate "2015.03.10"]

1. e4 d6 2. d4 Nf6 3. Nc3 e5 4. dxe5 dxe5 5. Qxd8+ Kxd8 6. Bg5 c6 7. O-O-O+ Kc7
8. Bc4 Be6 9. Bxe6 fxe6 10. f3 Bc5 11. Nh3 h6 12. Bh4 b5 13. Nf2 g5 14. Bg3 Be3+
15. Kb1 Bf4 16. Nd3 Bxg3 17. hxg3 Nbd7 18. Rd2 a5 19. a4 Rab8 20. axb5 cxb5 21.
Nd1 Ne8 22. Ne3 Nd6 23. c4 Nxc4 24. Nxc4 bxc4 25. Rc1 Kb6 26. Rxc4 Rbc8 27. Ra4
Kb5 28. Ra3 Rhd8 29. Rb3+ Ka6 30. Nf2 Nc5 31. Rxd8 Rxd8 32. Rc3 Kb5 33. Kc2 a4
34. Ng4 Nb3 35. Rd3 Rc8+ 36. Rc3 Rd8 37. Rd3 Rc8+ 38. Rc3 Rd8 1/2-1/2

[Event "Reykjavik Open 2015"]
[Site "Reykjavik ISL"]
[Date "2015.03.15"]
[Round "7.65"]
[White "Bjerke, Richard"]
[Black "Fivelstad, Jon Olav"]
[Result "1/2-1/2"]
[WhiteTitle "FM"]
[WhiteElo "2180"]
[BlackElo "1929"]
[WhiteFideId "1500252"]
[BlackFideId "1510339"]
[EventDate "2015.03.10"]

1. e4 c5 2. Nf3 d6 3. d4 cxd4 4. Nxd4 Nf6 5. Nc3 a6 6. Be3 e5 7. Nf3 Be7 8. Bc4
Be6 9. Qe2 Bxc4 10. Qxc4 b5 11. Qd3 Nbd7 12. O-O O-O 13. b4 Qc7 14. a4 d5 15.
Nxd5 Nxd5 16. Qxd5 Bxb4 17. axb5 a5 18. Bd2 Nb6 19. Qb3 Bxd2 20. Nxd2 a4 21. Qa2
Qc3 22. Nf3 Rac8 23. Rfd1 Qxc2 24. Qxc2 Rxc2 25. Nxe5 Rc5 26. Nd7 Nxd7 27. Rxd7
Rxb5 28. Ra7 Rfb8 29. g3 f5 30. R1xa4 fxe4 31. Rxe4 R5b7 32. Re7 Rxa7 33. Rxa7
h6 34. Kg2 Kh7 35. h4 Kg6 36. g4 Rb3 37. f3 Rc3 38. Kg3 Rc4 39. Ra5 Kf6 40. Rf5+
Ke6 41. Rf4 Rc1 42. Re4+ Kf6 43. Ra4 Rc6 44. Ra5 Rc4 45. Ra6+ Kf7 46. Rd6 Ke7
47. Rd3 Kf6 48. Kf2 Rc2+ 49. Ke3 Rh2 50. h5 Ra2 51. Ke4 Re2+ 52. Kf4 Ra2 53. Rd4
Ra5 54. Rb4 Ra6 55. Rb5 Ra4+ 56. Kg3 Ra3 57. Rf5+ Ke6 58. Kh4 Ra1 59. f4 Ra4 60.
Re5+ Kf6 61. Kg3 Ra3+ 62. Kf2 Ra4 63. Kf3 Ra3+ 64. Re3 Ra4 65. Rd3 Ra1 66. Ke4
Re1+ 67. Kf3 Rf1+ 68. Ke4 Re1+ 69. Re3 Ra1 70. Rb3 Ra4+ 71. Kf3 Ra6 72. Rc3 1/2-1/2

[Event "Reykjavik Open 2015"]
[Site "Reykjavik ISL"]
[Date "2015.03.15"]
[Round "7.66"]
[White "Haessel, Dale R."]
[Black "Haraldsson, Haraldur"]
[Result "0-1"]
[WhiteTitle "FM"]
[WhiteElo "2174"]
[BlackElo "1948"]
[WhiteFideId "2012618"]
[BlackFideId "2311100"]
[EventDate "2015.03.10"]

1. d4 Nf6 2. c4 e6 3. Nf3 b6 4. a3 Bb7 5. Nc3 d5 6. Bg5 Be7 7. e3 Nbd7 8. cxd5
Nxd5 9. Bxe7 Qxe7 10. Rc1 c6 11. Nxd5 exd5 12. b4 O-O 13. Bd3 a5 14. Qb3 axb4
15. axb4 Ra7 16. O-O Rfa8 17. Rb1 g6 18. Rfc1 Kg7 19. Bf1 b5 20. Ne1 Nb6 21. Nc2
Nc4 22. Ra1 Bc8 23. Bd3 Rxa1 24. Rxa1 Rxa1+ 25. Nxa1 Nxe3 26. Qc3 Nc4 27. Kf1
Qa7 28. Bb1 Nd2+ 0-1

[Event "Reykjavik Open 2015"]
[Site "Reykjavik ISL"]
[Date "2015.03.15"]
[Round "7.67"]
[White "Undheim, Bjarne"]
[Black "Hardarson, Jon Trausti"]
[Result "0-1"]
[WhiteElo "1926"]
[BlackElo "2170"]
[WhiteFideId "1506862"]
[BlackFideId "2302594"]
[EventDate "2015.03.10"]

1. e4 e5 2. Nf3 Nc6 3. d4 exd4 4. Bc4 Bc5 5. c3 Nf6 6. e5 d5 7. Bb5 Ne4 8. cxd4
Bb6 9. O-O O-O 10. Bxc6 bxc6 11. Be3 Bg4 12. Nbd2 f5 13. Nb3 f4 14. Bd2 Ng5 15.
Kh1 Qe8 16. Bb4 Bxf3 17. gxf3 Qh5 18. Nd2 Rf5 19. Bc3 Ne6 20. Qa4 Qe8 21. Qc2
Rh5 22. Qd3 Qf7 23. Rg1 Rh3 24. Rg2 Qh5 25. Rag1 g6 26. Re1 Kg7 27. Kg1 Ng5 28.
e6 Nxf3+ 29. Nxf3 Qxf3 30. Qxf3 Rxf3 31. Rg4 h5 32. Rg5 Re8 33. Rd1 Rxe6 34. Kg2
Kf6 35. Re5 Rxf2+ 36. Kg1 Rxe5 37. Kxf2 Re4 38. Rd3 Kf5 39. Kf3 g5 40. h3 g4+
41. hxg4+ hxg4+ 0-1

[Event "Reykjavik Open 2015"]
[Site "Reykjavik ISL"]
[Date "2015.03.15"]
[Round "7.68"]
[White "Einarsson, Halldor Gretar"]
[Black "Stefansson, Vignir Vatnar"]
[Result "1-0"]
[WhiteTitle "FM"]
[WhiteElo "2166"]
[BlackElo "1909"]
[WhiteFideId "2300150"]
[BlackFideId "2308649"]
[EventDate "2015.03.10"]

1. d4 Nf6 2. c4 e6 3. Nf3 b6 4. g3 Bb7 5. Bg2 Be7 6. O-O O-O 7. Re1 Ne4 8. Nfd2
d5 9. cxd5 exd5 10. Nxe4 dxe4 11. Nc3 f5 12. Bf4 Kh8 13. Rc1 Na6 14. a3 c6 15.
f3 exf3 16. Bxf3 Bf6 17. Nb5 g5 18. Be5 Bxe5 19. dxe5 Qe7 20. Qd6 Rae8 21. Nxa7
Qxe5 22. Qxe5+ Rxe5 23. Nxc6 Bxc6 24. Rxc6 Rb5 25. b4 g4 26. Bg2 Re8 27. Rec1
Kg7 28. e4 Nb8 29. Rc8 Rbe5 30. exf5 Kf6 31. Rxe8 Rxe8 32. Rc7 Kxf5 33. Rb7 Ke5
34. Rxb6 Kd4 35. a4 Ke3 36. Rb7 Na6 37. Bf1 Nb8 38. b5 Rd8 39. a5 Nd7 40. Rxd7
Rxd7 41. a6 1-0

[Event "Reykjavik Open 2015"]
[Site "Reykjavik ISL"]
[Date "2015.03.15"]
[Round "7.69"]
[White "Bjarnason, Vignir"]
[Black "Halldorsson, Jon Arni"]
[Result "1-0"]
[WhiteElo "1895"]
[BlackElo "2150"]
[WhiteFideId "2301504"]
[BlackFideId "2301075"]
[EventDate "2015.03.10"]

1. e4 e6 2. d4 d5 3. Nc3 Bb4 4. e5 c5 5. a3 Bxc3+ 6. bxc3 Qc7 7. Qg4 f5 8. Qg3
cxd4 9. cxd4 Ne7 10. Bd2 O-O 11. Bd3 Nbc6 12. Ne2 Bd7 13. h4 Rac8 14. c3 Na5 15.
Rb1 b6 16. h5 Nc4 17. Bc1 Kh8 18. h6 g6 19. O-O Rf7 20. Rb4 a5 21. Rb1 a4 22.
Re1 Rb8 23. Nf4 Na5 24. Ne2 Bc6 25. Bg5 Ng8 26. Rb4 Bd7 27. Reb1 Nc4 28. Bc1 Ne7
29. Ra1 Nc6 30. Rbb1 N6a5 31. Bc2 Be8 32. Nf4 Qd7 33. Rb4 Qc8 34. Rab1 Nc6 35.
Rb5 Na7 36. R5b4 Nc6 37. Rb5 1-0

[Event "Reykjavik Open 2015"]
[Site "Reykjavik ISL"]
[Date "2015.03.15"]
[Round "7.70"]
[White "Valdimarsson, Einar"]
[Black "Halldorsson, Bragi"]
[Result "0-1"]
[WhiteElo "1889"]
[BlackElo "2140"]
[WhiteFideId "2304813"]
[BlackFideId "2300907"]
[EventDate "2015.03.10"]

1. e4 c6 2. b3 d5 3. Bb2 dxe4 4. Nc3 Nf6 5. Nge2 Bg4 6. h3 Bh5 7. g4 Bg6 8. Bg2
e6 9. Ng3 e3 10. fxe3 Qc7 11. Qf3 Bxc2 12. e4 Na6 13. O-O O-O-O 14. g5 Rd3 15.
Qf4 Bd6 16. e5 Bxe5 17. Nb5 Qb6+ 18. Qf2 Bxb2 19. Nxa7+ Kc7 20. Qxb6+ Kxb6 21.
gxf6 Rxg3 22. Kf2 Rxg2+ 0-1

[Event "Reykjavik Open 2015"]
[Site "Reykjavik ISL"]
[Date "2015.03.15"]
[Round "7.71"]
[White "Nordquelle, Daniel"]
[Black "Ingvason, Johann"]
[Result "0-1"]
[WhiteElo "1874"]
[BlackElo "2135"]
[WhiteFideId "1519042"]
[BlackFideId "2301431"]
[EventDate "2015.03.10"]

1. e4 c5 2. c3 Nf6 3. e5 Nd5 4. d4 cxd4 5. Nf3 e6 6. cxd4 d6 7. Bd2 Nc6 8. Nc3
Be7 9. Bd3 O-O 10. O-O dxe5 11. dxe5 Ncb4 12. Be4 Nxc3 13. Bxc3 Nd5 14. Qc2 h6
15. Rfd1 b6 16. Bxd5 exd5 17. Qd3 Bb7 18. Nd4 Bc5 19. Nf5 Re8 20. e6 Rxe6 21.
Bxg7 Qg5 22. Bxh6 Rxh6 23. Nxh6+ Qxh6 24. Qg3+ Qg6 25. Qh3 Bc8 26. Qb3 Bf5 27.
Rd2 a5 28. Kh1 d4 29. a3 Re8 30. Qb5 Qe6 31. Rdd1 d3 32. f3 Qe5 33. Qc6 Rc8 34.
Qh6 Qxb2 35. Qg5+ Bg6 36. f4 Be3 37. Qg4 Rc5 38. Qf3 Qf2 39. Qa8+ Kh7 40. Rf1
Qh4 41. Qf3 Rh5 42. h3 Bc5 43. Kh2 Kg7 44. g4 Be4 45. Qg3 Qxg3+ 46. Kxg3 Rd5 47.
Rfd1 d2 48. Ra2 Rd3+ 49. Kh4 Be7+ 50. g5 Bf5 0-1

[Event "Reykjavik Open 2015"]
[Site "Reykjavik ISL"]
[Date "2015.03.15"]
[Round "7.72"]
[White "Rueger, Erhard"]
[Black "Kjartansson, Dagur"]
[Result "1-0"]
[WhiteElo "2133"]
[BlackElo "1756"]
[WhiteFideId "4609611"]
[BlackFideId "2303299"]
[EventDate "2015.03.10"]

1. Nf3 c5 2. g3 g6 3. Bg2 Bg7 4. c4 Nc6 5. Nc3 e6 6. d4 cxd4 7. Nb5 d5 8. cxd5
Qa5+ 9. Qd2 Qxb5 10. dxc6 Qxc6 11. O-O Qb6 12. b3 Ne7 13. Ba3 e5 14. Rac1 Bd7
15. Bc5 Qa6 16. Bxe7 Kxe7 17. Qb4+ Ke8 18. Rc7 Qb6 19. Rxb7 Qxb4 20. Rxb4 Bf8
21. Rc4 Bd6 22. Nxe5 Rc8 23. Rxc8+ Bxc8 24. Nc6 Bc5 25. Rd1 Ba6 26. Bf3 Bb7 27.
b4 Bb6 28. a4 Bxc6 29. Bxc6+ Ke7 30. a5 Rc8 31. Bb7 Rb8 32. axb6 Rxb7 33. bxa7
Rxa7 34. Rxd4 Rb7 35. e4 Rb5 36. f4 Ke6 37. Kf2 g5 38. Ke3 gxf4+ 39. gxf4 Rh5
40. Rd2 Rh3+ 41. Kd4 Rb3 42. Kc4 Re3 43. Rd4 Rh3 44. Kc5 Rxh2 45. b5 h5 46. b6
Rb2 47. Rd6+ Ke7 48. e5 Rc2+ 49. Kb5 Rb2+ 50. Kc6 Rc2+ 51. Kb7 f5 52. Ka8 1-0

[Event "Reykjavik Open 2015"]
[Site "Reykjavik ISL"]
[Date "2015.03.15"]
[Round "7.73"]
[White "Gonzalez Pruneda, Arturo"]
[Black "Moller, Agnar T"]
[Result "1-0"]
[WhiteElo "2131"]
[BlackElo "1806"]
[WhiteFideId "2256860"]
[BlackFideId "2303469"]
[EventDate "2015.03.10"]

1. e4 c5 2. Nf3 e6 3. c3 d5 4. exd5 Qxd5 5. d4 cxd4 6. cxd4 Nf6 7. Nc3 Bb4 8.
Be2 O-O 9. O-O Bxc3 10. bxc3 Nc6 11. c4 Qa5 12. Qc2 Bd7 13. Rb1 b6 14. Rb5 Nb4
15. Rxa5 Nxc2 16. Re5 Bc6 17. Bb2 Rac8 18. Ne1 Nxe1 19. Rxe1 Rc7 20. Rd1 Rd8 21.
f3 Bb7 22. Re3 Ba6 23. Rc1 Rdc8 24. Rec3 Rd8 25. Ra3 Bc8 26. Kf2 Nd7 27. Rd3 Ba6
28. Ra3 Bc8 29. Rd1 Re8 30. Bc1 f6 31. Bf4 e5 32. Bg3 Nb8 33. Rd2 Nc6 34. d5 Nb8
35. d6 Rf7 36. Ke1 Nc6 37. Bf2 Rd8 38. c5 bxc5 39. Bc4 a6 40. Bxc5 1-0

[Event "Reykjavik Open 2015"]
[Site "Reykjavik ISL"]
[Date "2015.03.15"]
[Round "7.74"]
[White "Tolhuizen, Ludo"]
[Black "Gaarder, Hans K."]
[Result "1-0"]
[WhiteElo "2123"]
[BlackElo "1701"]
[WhiteFideId "1000802"]
[BlackFideId "1510479"]
[EventDate "2015.03.10"]

1. Nf3 Nf6 2. d4 e6 3. e3 d5 4. Bd3 c5 5. c3 Nc6 6. O-O Be7 7. Nbd2 O-O 8. dxc5
Bxc5 9. e4 e5 10. Qe2 Bg4 11. h3 Bh5 12. exd5 Nxd5 13. Ne4 Be7 14. Ng3 Bxf3 15.
Qxf3 Nf6 16. Rd1 Qc7 17. Nf5 Kh8 18. Bg5 Rad8 19. Nxe7 Qxe7 20. Qf5 Qd7 21. Bxf6
Qxf5 22. Bxg7+ Kxg7 23. Bxf5 Kf6 24. Bxh7 Ne7 25. Kf1 b6 26. Ke2 Nd5 27. g3 Kg7
28. Be4 Nf6 29. Rxd8 Rxd8 30. Bc2 Rh8 31. h4 Re8 32. Rd1 Re7 33. g4 e4 34. g5
Nd7 35. Ke3 f6 36. Rd4 Nc5 37. gxf6+ Kxf6 38. Bxe4 Kg7 39. f3 Kh6 40. Rd8 Kg7
41. b3 a6 42. Rd6 Re6 43. Rxe6 Nxe6 44. Bd5 Nc7 45. Kd4 Nb5+ 46. Kd3 Kg6 47. c4
Nc7 48. Kd4 Kh5 49. Ke5 Kxh4 50. Kd6 Ne8+ 51. Kc6 b5 52. cxb5 axb5 53. a4 bxa4
54. bxa4 Ng7 55. a5 Nf5 56. a6 Ne7+ 57. Kc5 Nc8 58. Be6 1-0

[Event "Reykjavik Open 2015"]
[Site "Reykjavik ISL"]
[Date "2015.03.15"]
[Round "7.75"]
[White "Birkisson, Bardur Orn"]
[Black "Gonzalez Gonzalez, Alfonso"]
[Result "1-0"]
[WhiteElo "1839"]
[BlackElo "2122"]
[WhiteFideId "2310597"]
[BlackFideId "2223007"]
[EventDate "2015.03.10"]

1. e4 e5 2. Nf3 Nc6 3. Bc4 Be7 4. d4 d6 5. dxe5 dxe5 6. Qxd8+ Bxd8 7. Nc3 f6 8.
a3 Nge7 9. Be3 a6 10. O-O-O Bg4 11. h3 Bd7 12. Rd2 Nb8 13. Rhd1 Nc8 14. Nh4 Nd6
15. Ba2 g5 16. Nf5 Nxf5 17. exf5 h5 18. Be6 Rh7 19. Ne4 b6 20. c4 c5 21. Nd6+
Ke7 22. Nb7 Ke8 23. b4 Bc7 24. bxc5 Bxe6 25. fxe6 b5 26. Nd6+ Ke7 27. cxb5 axb5
28. Nxb5 Kxe6 29. Nxc7+ Rxc7 30. Rd8 Rca7 31. Re8+ Re7 32. Rc8 Kf5 33. Rdd8 Rxa3
34. Rxb8 g4 35. Kb2 Ra6 36. Rb6 Ra4 37. Kb3 Rea7 38. c6 g3 39. Rb7 gxf2 40. Bxf2
Ra3+ 41. Kb4 R7a4+ 42. Kb5 Ra5+ 43. Kc4 R5a4+ 44. Rb4 Ra6 45. Bb6 Ra1 46. Kb5 1-0

[Event "Reykjavik Open 2015"]
[Site "Reykjavik ISL"]
[Date "2015.03.15"]
[Round "7.76"]
[White "Heimisson, Hilmir Freyr"]
[Black "Thorsteinsson, Erlingur"]
[Result "1-0"]
[WhiteElo "1861"]
[BlackElo "2119"]
[WhiteFideId "2309998"]
[BlackFideId "2301091"]
[EventDate "2015.03.10"]

1. d4 d5 2. c4 e6 3. Nc3 Nf6 4. Nf3 c6 5. Bf4 Bd6 6. Bxd6 Qxd6 7. e3 Nbd7 8. c5
Qc7 9. Bd3 e5 10. Nxe5 Nxe5 11. dxe5 Qxe5 12. O-O Ng4 13. g3 h5 14. Qf3 f5 15.
e4 fxe4 16. Bxe4 dxe4 17. Nxe4 Rf8 18. Qd3 Kf7 19. f4 Qd5 20. Ng5+ Ke7 21. Rfe1+
Kd8 22. Qc3 Kc7 23. Rad1 Qf5 24. h3 Qf6 25. Qa5+ b6 26. cxb6+ Kb7 27. Qb4 a5 28.
Re7+ Kb8 29. Qc5 Ra6 30. hxg4 Qxb2 31. Qd6+ Ka8 32. Qxc6+ Kb8 33. Rb7+ 1-0

[Event "Reykjavik Open 2015"]
[Site "Reykjavik ISL"]
[Date "2015.03.15"]
[Round "7.77"]
[White "Nilsen, Tobias Lang"]
[Black "Kenney, Jason"]
[Result "0-1"]
[WhiteElo "1761"]
[BlackElo "2104"]
[WhiteFideId "1521624"]
[BlackFideId "2606690"]
[EventDate "2015.03.10"]

1. e4 c5 2. Nf3 d6 3. Bb5+ Bd7 4. Bxd7+ Qxd7 5. O-O Nc6 6. c4 g6 7. d4 cxd4 8.
Nxd4 Bg7 9. Be3 Nf6 10. f3 O-O 11. Nc3 Rfc8 12. b3 Nd8 13. Qd2 Ne6 14. Nxe6 Qxe6
15. Rad1 Nd7 16. Nd5 Nc5 17. Nf4 Qe5 18. Nd3 Nxd3 19. Qxd3 Rc6 20. Bd4 Qxd4+ 21.
Qxd4 Bxd4+ 22. Rxd4 Ra6 23. Rf2 Rc8 24. Rd5 f6 25. Rfd2 Kf7 26. Kf2 Rcc6 27. Rb5
Rc7 28. Rbd5 Ra3 29. Ke2 Ke6 30. Kd3 Rc6 31. Rb5 Rca6 32. Rxb7 Rxa2 33. g3 Ra1
34. Rb2 R6a3 35. Kd4 Rf1 36. Ke3 h5 37. Ke2 Rh1 38. Ke3 a5 39. Ra7 Rha1 40. Kf2
a4 41. Rxa4 Rxa4 42. bxa4 Rxa4 43. Rc2 Ra5 44. Ke3 Kd7 45. Kd4 Ra3 46. Rc3 Ra2
47. h4 Rg2 48. f4 e5+ 49. fxe5 fxe5+ 50. Kd3 Rxg3+ 51. Kd2 Rxc3 52. Kxc3 g5 53.
hxg5 h4 54. g6 Ke7 55. Kd3 h3 0-1

[Event "Reykjavik Open 2015"]
[Site "Reykjavik ISL"]
[Date "2015.03.15"]
[Round "7.78"]
[White "Miszkielo, Bartosz"]
[Black "Thorhallsson, Gylfi"]
[Result "0-1"]
[WhiteElo "1694"]
[BlackElo "2084"]
[WhiteFideId "1185160"]
[BlackFideId "2300800"]
[EventDate "2015.03.10"]

1. e4 e5 2. Nf3 Nc6 3. Bb5 a6 4. Ba4 Nf6 5. O-O b5 6. Bb3 Be7 7. Re1 O-O 8. h3
d5 9. exd5 Nxd5 10. Nc3 Nxc3 11. bxc3 Bf6 12. Ba3 Re8 13. d4 Bb7 14. dxe5 Nxe5
15. Nxe5 Bxe5 16. Qxd8 Raxd8 17. Re3 Bf6 18. Rae1 Rxe3 19. Rxe3 a5 20. Be7 Rd1+
21. Kh2 a4 22. Bxf6 gxf6 23. Re8+ Kg7 0-1

[Event "Reykjavik Open 2015"]
[Site "Reykjavik ISL"]
[Date "2015.03.15"]
[Round "7.79"]
[White "Jonasson, Hordur"]
[Black "Hald, Jens Erik Kofoed"]
[Result "0-1"]
[WhiteElo "1562"]
[BlackElo "2069"]
[WhiteFideId "2311224"]
[BlackFideId "1401840"]
[EventDate "2015.03.10"]

1. e4 c5 2. Nf3 g6 3. d4 cxd4 4. Nxd4 Bg7 5. Be3 Nf6 6. Nc3 Nc6 7. Bc4 O-O 8.
O-O d6 9. f3 Bd7 10. Qd2 Re8 11. a3 a6 12. Ba2 Rc8 13. Rad1 Ne5 14. Nde2 Nc4 15.
Bxc4 Rxc4 16. b3 Rc8 17. Kh1 Qc7 18. Bd4 Bc6 19. a4 b6 20. Qe3 b5 21. Bb6 Qb7
22. a5 Nd7 23. Bd4 e5 24. Bb6 Nxb6 25. Qxb6 Qxb6 26. axb6 Red8 27. Ra1 Bb7 28.
Rfc1 Bh6 29. f4 exf4 30. Rf1 Bg7 31. Rf3 b4 0-1

[Event "Reykjavik Open 2015"]
[Site "Reykjavik ISL"]
[Date "2015.03.15"]
[Round "7.80"]
[White "Babijczuk, Wojciech"]
[Black "Eijk, Yuri"]
[Result "0-1"]
[WhiteElo "1549"]
[BlackElo "2062"]
[WhiteFideId "1190881"]
[BlackFideId "1017810"]
[EventDate "2015.03.10"]

1. e4 c5 2. Nf3 Nc6 3. d4 cxd4 4. Nxd4 g6 5. Nxc6 bxc6 6. Bc4 Nf6 7. e5 Qa5+ 8.
Nc3 Qxe5+ 9. Qe2 Qxe2+ 10. Nxe2 Bg7 11. O-O O-O 12. c3 d5 13. Bb3 Ne4 14. f3 Nc5
15. Bc2 Rb8 16. Re1 e5 17. Rb1 Ba6 18. Be3 Nd3 19. Bxd3 Bxd3 20. Rbd1 Bf5 21. b4
Rb7 22. a3 Rd8 23. Bc5 a6 24. g4 Be6 25. h3 Rbd7 26. f4 f6 27. Nd4 exd4 28. Rxe6
dxc3 29. Bd4 f5 30. Bxg7 Kxg7 31. Rxc6 d4 32. Kf2 Kf7 33. g5 Rd6 34. Rc4 R8d7
35. a4 Rb6 36. Rcxd4 Rxd4 37. Rxd4 Rc6 38. Rd1 Rc4 39. b5 Rxf4+ 40. Ke3 Rxa4 41.
b6 Rb4 42. Rd6 Ke7 43. Rc6 Kd7 44. Rf6 Rc4 45. Rf7+ Kc8 46. Kd3 c2 47. Kxc4
c1=Q+ 48. Kb4 Qb2+ 49. Kc5 Qb5+ 50. Kd4 Qxb6+ 51. Kc3 Qc7+ 0-1

[Event "Reykjavik Open 2015"]
[Site "Reykjavik ISL"]
[Date "2015.03.15"]
[Round "7.81"]
[White "Sandberg, Martin"]
[Black "Foisor, Sabina-Francesca"]
[Result "0-1"]
[BlackTitle "WGM"]
[WhiteElo "1889"]
[BlackElo "2279"]
[WhiteFideId "1707159"]
[BlackFideId "1212915"]
[EventDate "2015.03.10"]

1. e4 e5 2. Nf3 d6 3. d4 exd4 4. Nxd4 Nf6 5. Nc3 Be7 6. Bf4 O-O 7. Be2 Re8 8.
Qd2 Nc6 9. O-O-O Nd7 10. Nd5 Nxd4 11. Qxd4 Bf6 12. Nxf6+ Qxf6 13. Qxf6 Nxf6 14.
f3 Nxe4 15. Bb5 c6 16. Bxc6 bxc6 17. fxe4 Bg4 18. Rxd6 Rxe4 19. g3 Rae8 20. h3
Re1+ 21. Rxe1 Rxe1+ 22. Kd2 Rd1+ 23. Kc3 Rxd6 24. Bxd6 Bxh3 25. Kb4 f5 26. Bc5
a6 27. Ka5 Bf1 28. Kb6 Kf7 29. Kxc6 Ke6 30. a4 g5 31. b4 h5 32. b5 axb5 33. axb5
Bg2+ 34. Kc7 Kd5 35. Be3 h4 36. gxh4 gxh4 37. b6 Ke5 38. b7 Bxb7 39. Kxb7 f4 40.
Bg1 Kd5 41. Kc7 f3 42. Kd7 h3 43. c4+ Kxc4 44. Ke6 h2 0-1

[Event "Reykjavik Open 2015"]
[Site "Reykjavik ISL"]
[Date "2015.03.15"]
[Round "7.82"]
[White "Kolka, Dawid"]
[Black "Poley, Vladimir"]
[Result "0-1"]
[BlackTitle "IM"]
[WhiteElo "1875"]
[BlackElo "2269"]
[WhiteFideId "2308010"]
[BlackFideId "13500090"]
[EventDate "2015.03.10"]

1. e4 g6 2. d4 Bg7 3. Nf3 c6 4. c3 d5 5. e5 Nh6 6. Bf4 f6 7. exf6 exf6 8. Bd3
O-O 9. O-O Re8 10. Nbd2 Nd7 11. Qc2 Nf8 12. Rfe1 Be6 13. Re2 Qd7 14. Rae1 Bf7
15. Nf1 Ne6 16. Bc1 Qd6 17. Ng3 Nf4 18. Rxe8+ Rxe8 19. Rxe8+ Bxe8 20. Bxf4 Qxf4
21. Qe2 Kf8 22. Qd2 Qd6 23. h3 Nf7 24. Qe2 Bh6 25. Nf1 Bd7 26. b3 Nd8 27. Qc2
Qf4 28. Qd2 Ne6 29. Qe3 Kg7 30. g3 Qd6 31. Qe2 Kf7 32. Kg2 Qa3 33. c4 Bc1 34.
cxd5 cxd5 35. Bb5 Bc8 36. Ne3 a6 37. Bd3 Bd7 38. Nxd5 Bc6 39. Be4 Qa5 40. Qc4
Qb5 41. Qxb5 axb5 42. Nc3 b4 43. Bxc6 bxc6 44. Nd1 Nc7 45. Kf1 Ke6 46. Ke2 Nb5
47. Kd3 Kd5 48. Ne3+ Bxe3 49. fxe3 f5 50. g4 Nd6 51. gxf5 gxf5 52. Nd2 h6 53. h4
h5 54. Nc4 Nc8 55. a4 bxa3 56. Nxa3 Ne7 57. Nc2 Ng6 58. Nb4+ Kd6 59. e4 Nf4+ 60.
Kd2 fxe4 61. Ke3 Nd5+ 62. Kxe4 Nxb4 63. Kf5 Nc2 64. Kg5 Nxd4 65. Kxh5 Nf3 66.
Kg4 Nxh4 67. Kxh4 Kc5 0-1

[Event "Reykjavik Open 2015"]
[Site "Reykjavik ISL"]
[Date "2015.03.15"]
[Round "7.83"]
[White "Zhou, Qiyu"]
[Black "Hauksdottir, Hrund"]
[Result "1/2-1/2"]
[WhiteTitle "WFM"]
[WhiteElo "2182"]
[BlackElo "1692"]
[WhiteFideId "505161"]
[BlackFideId "2302608"]
[EventDate "2015.03.10"]

1. e4 e5 2. Nf3 Nc6 3. Bb5 Bc5 4. O-O Nf6 5. Bxc6 dxc6 6. Nxe5 Nxe4 7. Qe2 Qd5
8. Nd3 O-O 9. Nxc5 Nxc5 10. Nc3 Qd6 11. d3 Bf5 12. Re1 h6 13. Be3 Ne6 14. Qd2
Rfe8 15. f3 Rad8 16. Ne2 Re7 17. Qa5 Bg6 18. Qxa7 Rde8 19. Bd2 b6 20. Bc3 Nd4
21. Bxd4 Rxe2 22. Rxe2 Rxe2 23. Qb8+ Kh7 24. Bxb6 Rxc2 25. Qxc7 Qxd3 26. h3 Qd2
27. Qg3 Rxb2 28. Bf2 Rxa2 29. Rxa2 Qxa2 30. Qd6 Qd5 31. Qf8 Qd1+ 32. Kh2 Qd5 33.
Qe7 Bd3 34. Qe3 Bf1 35. Kg1 Bc4 36. Kh2 Qe6 37. Qc5 Bd5 38. Qd4 f6 39. Qc5 Bc4
40. Kg1 Qd5 41. Qe3 Qd3 42. Qc5 Qd1+ 1/2-1/2

[Event "Reykjavik Open 2015"]
[Site "Reykjavik ISL"]
[Date "2015.03.15"]
[Round "7.84"]
[White "Hauksson, Hordur Aron"]
[Black "Weichelt, Jens"]
[Result "1-0"]
[WhiteElo "1853"]
[BlackElo "2132"]
[WhiteFideId "2303680"]
[BlackFideId "4637771"]
[EventDate "2015.03.10"]

1. d4 Nf6 2. c4 e6 3. Nf3 Be7 4. Nc3 O-O 5. e4 d6 6. Be3 c5 7. d5 e5 8. h3 g6 9.
Qd2 Nh5 10. g4 Ng7 11. O-O-O f5 12. gxf5 gxf5 13. Bg5 fxe4 14. Bxe7 Qxe7 15. Ng5
e3 16. Qxe3 Nf5 17. Qd2 Nd7 18. Rg1 Kh8 19. Bd3 Nf6 20. Nce4 Nxe4 21. Bxe4 Rg8
22. Rg2 Nh4 23. Bxh7 Nxg2 24. Bxg8 Kxg8 25. Rg1 Nf4 26. Ne6+ Kh7 27. Qc2+ Kh8
28. Nxf4 exf4 29. Qg6 Bf5 30. Qxf5 Rf8 31. Qg6 Qh7 32. Qxd6 1-0